| 000 | 00983cam a2200265 i 4500 | ||
|---|---|---|---|
| 001 | bg | ||
| 003 | KOSZ 005 | ||
| 005 | 20210917085716.0 | ||
| 008 | 031126s2000 pl a f f |001 0 pol | ||
| 020 | _a8320812836 | ||
| 040 |
_aWA N _cKOSZ 005/HR _dKOSZ 005/HR |
||
| 080 | _a658.14/.17 | ||
| 080 | _a(075.8) | ||
| 245 | 0 | 0 |
_aFinanse przedsiębiorstwa : _bpraca zbiorowa / _cpod red. Lecha Szyszko ; aut. Dorota Bem [et al.]. |
| 260 |
_aWarszawa : _bPolskie Wydaw. Ekonomiczne, _c2000. |
||
| 300 |
_a53376, [4] s. : _bil. ; _c24 cm. |
||
| 504 | _aBibliogr. Indeks. Wykaz aktów prawnych. | ||
| 655 | 4 | _aPodręczniki akademickie | |
| 650 | 4 |
_aFinanse przedsiębiorstwa _xfinanse. |
|
| 700 | 1 |
_aSzyszko, Lech _d(1934-2005). _eRed. |
|
| 700 | 1 |
_aBem, Dorota. _eAutor |
|
| 710 | 2 |
_aPolskie Wydawnictwo Ekonomiczne _4pbl. |
|
| 856 |
_uhttp://koha.tu.koszalin.pl/cgi-bin/koha/opac-detail.pl?biblionumber=53557 _yKatalog online BPK |
||
| 942 |
_2UKD _cKS |
||
| 999 |
_c53557 _d53557 |
||